Science Quiz

Random Science or Math Quiz

Subtraction Action Blitz Quiz Stats

 Plays Quiz Updated Mar 17, 2020

Support Sporcle.
Go Orange.
Score 0/50 Timer 01:00
2 Plays Today
Question Answer % Correct
0 - __ = 00
55.1%
5 - __ = 05
55%
__ - 0 = 1212
54.9%
__ - 5 = 16
54.9%
18 - __ = 171
54.8%
__ - 1 = 67
54.7%
16 - __ = 151
54.7%
18 - __ = 99
54.7%
11 - __ = 29
54.7%
__ - 3 = 25
54.7%
15 - __ = 141
54.7%
__ - 1 = 45
54.7%
__ - 2 = 35
54.6%
11 - __ = 110
54.6%
10 - __ = 82
54.6%
__ - 12 = 113
54.6%
__ - 3 = 03
54.5%
__ - 3 = 36
54.5%
8 - __ = 62
54.5%
__ - 2 = 24
54.4%
12 - __ = 57
54.4%
__ -1 = 1617
54.4%
17 - __ = 125
54.4%
__ - 1 = 23
54.4%
7 - __ = 25
54.3%
Question Answer % Correct
__ - 1 = 1011
54.3%
9 - __ = 90
54.3%
__ - 2 = 79
54.3%
__ - 1 = 12
54.3%
14 - __ = 95
54.2%
15 - __ = 78
54.2%
__ - 10 = 414
54.2%
__ - 6 = 612
54.2%
16 - __ = 133
54.2%
14 - __ = 68
54.1%
__ - 7 = 310
54.1%
__ - 3 = 69
54%
7 - __ = 43
54%
__ - 8 = 816
54%
13 - __ = 85
54%
12 - __ = 84
54%
__ - 5 = 510
53.9%
17 - __ = 98
53.9%
__ - 4 = 610
53.9%
__ - 9 = 413
53.6%
__ - 10 = 919
53.5%
__ - 13 = 417
53.5%
19 - __ = 514
53.4%
18 - __ = 414
53.4%
18 - __ = 711
53.3%

From the Vault

Subcategory Multiple Choice: Sports

by metakoopa99

Sports 5m
Even if you don't know sports, you still have a 1-in-4 chance of kicking a grand slam!
Remove Ads.
Support Sporcle.
Get the best of Sporcle when you Go Orange. This ad-free experience offers more features, more stats, and more fun while also helping to support Sporcle. Thank you for becoming a member.

Show Comments

Extras

Top Quizzes Today


Score Distribution

Your Account Isn't Verified!

In order to create a playlist on Sporcle, you need to verify the email address you used during registration. Go to your Sporcle Settings to finish the process.

Report this User

Report this user for behavior that violates our Community Guidelines.

Details: